000 00654nam a2200241Ia 4500
003 OSt
005 20220925220622.0
006 a|||||r|||| 00| 0
007 ta
008 220923b |||||||| |||| 00| 0 eng d
037 _cGeneral Book
040 _aRTL
_cRTL
_beng
041 _2eng
_aeng
082 _aY:675.3.N7, L6
100 _aStein Bruno
_9254394
245 0 _aWork and welfare in Britain and USA
260 _aLondon
_bMacmillan
_c1976
300 _axvi,112p
_ccm.
500 _aApppendix: p 91-99
650 _aSocial Planning
942 _hY:675.3.N7, L6
_cGB
_2CC
999 _c571911
_d571911